000 005740000a22001810004500
003 MACL
005 20160224142746.0
008 160224b xxu||||| |||| 00| 0 eng d
040 _aMACL
_cMACL
041 _aHindi
082 _a800
100 _aनन्‍ददुलारे वाजपेयी
_940049
245 _aहिन्‍दी साहित्‍य बीसवीं शताब्‍दी
260 _bइंडियन बुक डिपो
_c1946
_aलखनउ
350 _a5
650 _aLiteracture
_939932
942 _cHIN
_k800
_2ddc
999 _c23992
_d23992